The Phantom of the Opera (Record no. 455)
[ view plain ]
| 000 -LEADER | |
|---|---|
| fixed length control field | 03072cgm a2200661Ia 4500 |
| 003 - CONTROL NUMBER IDENTIFIER | |
| control field | data |
| 005 - DATE AND TIME OF LATEST TRANSACTION | |
| control field | 20260322212020.0 |
| 007 - PHYSICAL DESCRIPTION FIXED FIELD--GENERAL INFORMATION | |
| fixed length control field | data |
| 008 - FIXED-LENGTH DATA ELEMENTS--GENERAL INFORMATION | |
| fixed length control field | data |
| 020 ## - INTERNATIONAL STANDARD BOOK NUMBER | |
| International Standard Book Number | 0790795396 |
| 020 ## - INTERNATIONAL STANDARD BOOK NUMBER | |
| International Standard Book Number | 9780790795393 |
| 024 1# - OTHER STANDARD IDENTIFIER | |
| Standard number or code | 085393895129 |
| 028 42 - PUBLISHER OR DISTRIBUTOR NUMBER | |
| Publisher or distributor number | 38951 |
| Source | Warner Home Video |
| 037 ## - SOURCE OF ACQUISITION | |
| Source of stock number/acquisition | Midwest Tapes |
| Note | http://www.midwesttapes.com |
| 040 ## - CATALOGING SOURCE | |
| Original cataloging agency | TEFMT |
| Transcribing agency | TEFMT |
| Modifying agency | OH6 |
| -- | GK8 |
| -- | FTL |
| -- | ZEM |
| -- | OCL |
| -- | IUI |
| -- | OCLCQ |
| -- | OH6 |
| 041 1# - LANGUAGE CODE | |
| Language code of text/sound track or separate title | fre |
| -- | fre |
| Language code of original | eng |
| Language code of summary or abstract | fre |
| -- | fre |
| 044 ## - COUNTRY OF PUBLISHING/PRODUCING ENTITY CODE | |
| MARC country code | xxk |
| -- | xxk |
| 082 04 - DEWEY DECIMAL CLASSIFICATION NUMBER | |
| Classification number | 791.43/72 |
| Edition information | 22 |
| 090 ## - LOCALLY ASSIGNED LC-TYPE CALL NUMBER (OCLC); LOCAL CALL NUMBER (RLIN) | |
| Classification number (OCLC) (R) ; Classification number, CALL (RLIN) (NR) | DVD 998 |
| 001 - CONTROL NUMBER | |
| control field | data |
| 130 0# - MAIN ENTRY--UNIFORM TITLE | |
| Uniform title | Phantom of the Opera (Motion picture : 2004) |
| 245 14 - TITLE STATEMENT | |
| Title | The Phantom of the Opera |
| Medium | [videorecording] / |
| Statement of responsibility, etc. | Joel Schumacher ... [et al.]. |
| 246 3# - VARYING FORM OF TITLE | |
| Title proper/short title | Andrew Lloyd Webber's the Phantom of the Opera |
| 250 ## - EDITION STATEMENT | |
| Edition statement | Widescreen ed |
| 260 ## - PUBLICATION, DISTRIBUTION, ETC. | |
| Place of publication, distribution, etc. | Burbank, CA : |
| Name of publisher, distributor, etc. | Warner Home Video, |
| Date of publication, distribution, etc. | [2005] |
| 300 ## - PHYSICAL DESCRIPTION | |
| Extent | 1 videodisc (141 min.) : |
| Other physical details | sd., col. ; |
| Dimensions | 4 3/4 in |
| 500 ## - GENERAL NOTE | |
| General note | Based on the novel "Le Fantôme de l'Opéra by Gaston Leroux and the stage musical by Andrew Lloyd Webber |
| 500 ## - GENERAL NOTE | |
| General note | Videodisc release of the 2004 motion picture |
| 500 ## - GENERAL NOTE | |
| General note | Special features include: scene selection, theatrical trailer |
| 508 ## - CREATION/PRODUCTION CREDITS NOTE | |
| Creation/production credits note | Director of photography, John Mathieson ; art directors, John Fenner, Paul Kirby ; editor, Terry Rawlings ; original music, Andrew Lloyd Webber ; costume designer, Alexandra Byrne ; production designer, Anthony Pratt ; visual effects supervisor, Nathan McGuinness ; special effects supervisor, Peter Hutchinson |
| 511 1# - PARTICIPANT OR PERFORMER NOTE | |
| Participant or performer note | Gerard Butler, Emmy Rossum, Patrick Wilson, Miranda Richardson, Minnie Driver |
| 520 ## - SUMMARY, ETC. | |
| Summary, etc. | Tells the story of a disfigured musical genius who haunts the catacombs beneath the Paris Opera, waging a reign of terror over its occupants. When he falls fatally in love with Christine, the Phantom devotes himself to creating a new star for the Opera, exerting a strange sense of control over the young soprano as he nurtures her extraordinary talents |
| 521 8# - TARGET AUDIENCE NOTE | |
| Target audience note | MPAA Rating: PG-13 (brief violent images) |
| 538 ## - SYSTEM DETAILS NOTE | |
| System details note | DVD; Dolby Digital 5.1 surround |
| 546 ## - LANGUAGE NOTE | |
| Language note | In English or dubbed French with optional English, French or Spanish subtitles; closed-captioned |
| 610 20 - SUBJECT ADDED ENTRY--CORPORATE NAME | |
| Corporate name or jurisdiction name as entry element | Opéra de Paris |
| Form subdivision | Drama |
| 650 #0 - SUBJECT ADDED ENTRY--TOPICAL TERM | |
| Topical term or geographic name entry element | Phantom of the Opera (Fictitious character) |
| Form subdivision | Drama |
| 650 #0 - SUBJECT ADDED ENTRY--TOPICAL TERM | |
| Topical term or geographic name entry element | Sopranos (Singers) |
| Form subdivision | Drama |
| 650 #0 - SUBJECT ADDED ENTRY--TOPICAL TERM | |
| Topical term or geographic name entry element | Musical films |
| 655 #0 - INDEX TERM--GENRE/FORM | |
| Genre/form data or focus term | Feature films |
| 655 #0 - INDEX TERM--GENRE/FORM | |
| Genre/form data or focus term | Musical films |
| 655 #0 - INDEX TERM--GENRE/FORM | |
| Genre/form data or focus term | Video recordings for the hearing impaired |
| 655 #7 - INDEX TERM--GENRE/FORM | |
| Genre/form data or focus term | Musical |
| Form subdivision | Feature. |
| Source of term | migfg |
| 655 #7 - INDEX TERM--GENRE/FORM | |
| Genre/form data or focus term | Romance |
| Form subdivision | Feature. |
| Source of term | migfg |
| 700 1# - ADDED ENTRY--PERSONAL NAME | |
| Personal name | Schumacher, Joel, |
| Dates associated with a name | 1939- |
| 700 1# - ADDED ENTRY--PERSONAL NAME | |
| Personal name | Butler, Gerard, |
| Dates associated with a name | 1969- |
| 700 1# - ADDED ENTRY--PERSONAL NAME | |
| Personal name | Rossum, Emmy, |
| Dates associated with a name | 1986- |
| 700 1# - ADDED ENTRY--PERSONAL NAME | |
| Personal name | Wilson, Patrick, |
| Dates associated with a name | 1973- |
| 700 1# - ADDED ENTRY--PERSONAL NAME | |
| Personal name | Richardson, Miranda |
| 700 1# - ADDED ENTRY--PERSONAL NAME | |
| Personal name | Driver, Minnie |
| 700 1# - ADDED ENTRY--PERSONAL NAME | |
| Personal name | Mathieson, John, |
| Dates associated with a name | 1961- |
| 700 1# - ADDED ENTRY--PERSONAL NAME | |
| Personal name | Lloyd Webber, Andrew, |
| Dates associated with a name | 1948- |
| 700 1# - ADDED ENTRY--PERSONAL NAME | |
| Personal name | Leroux, Gaston, |
| Dates associated with a name | 1868-1927. |
| Title of a work | Fantôme de l'Opéra |
| 710 2# - ADDED ENTRY--CORPORATE NAME | |
| Corporate name or jurisdiction name as entry element | Warner Bros. Pictures (1969- ) |
| 710 2# - ADDED ENTRY--CORPORATE NAME | |
| Corporate name or jurisdiction name as entry element | Odyssey Entertainment (Firm) |
| 710 2# - ADDED ENTRY--CORPORATE NAME | |
| Corporate name or jurisdiction name as entry element | Really Useful Films |
| 710 2# - ADDED ENTRY--CORPORATE NAME | |
| Corporate name or jurisdiction name as entry element | Scion Films |
| Withdrawn status | Lost status | Damaged status | Not for loan | Home library | Current library | Shelving location | Date acquired | Total checkouts | Full call number | Barcode | Date last seen | Price effective from | Koha item type |
|---|---|---|---|---|---|---|---|---|---|---|---|---|---|
| Pleasant Valley | Pleasant Valley | General stacks | 22/03/2026 | 791.43/72 22 | BC0010466 | 22/03/2026 | 22/03/2026 | Books |